Revitalizácia vlastností starnutého papiera

Gespeichert in:
Bibliographische Detailangaben
1. Verfasser: Poláková, Jana
Format: Software Buch
Sprache:Slowakisch
Veröffentlicht: Bratislava STU FCHPT 2008
Online-Zugang:Im OPAC anzeigen
Tags: Tag hinzufügen
Keine Tags, Fügen Sie das erste Tag hinzu!

MARC

LEADER 00000nam a2200000 a 4500
005 20260127133941.0
007 co ugu
008 080905 2008 xo 000 0 slo d
035 |a vtls009330340 
039 9 |a 200809050959  |b mschk03  |y 200809050958  |z mschk03 
040 |a STUSCHK1  |b slo  |c STUSCHK1  |e AACR2 
100 1 |a Poláková, Jana 
245 1 |a Revitalizácia vlastností starnutého papiera 
260 |a Bratislava  |b STU FCHPT  |c 2008 
500 |a Obhaj.: 10.6. 2008 
500 |a Zameranie: chemická technológia dreva, celulózy a papiera 
500 |a Študijný odbor: 5.2.18 chemické technológie 
500 |a diplomová práca na CD-ROMe 
910 |a SCHK95 
999 |c 709  |d 709